| 000 | 00793nam a22002297a 4500 | ||
|---|---|---|---|
| 003 | OSt | ||
| 005 | 20221031211235.0 | ||
| 008 | 221006b |||||||| |||| 00| 0 eng d | ||
| 020 | _a84-87156-01-0 | ||
| 040 | _cBiblioteca Lado V | ||
| 082 |
_bT692c _a732 |
||
| 100 |
_9278 _aTorrente Larrosa, Aurelio _ddirector |
||
| 245 |
_a/ _bUna Colección de Escultura Moderna Española con dibujo/ |
||
| 260 |
_bColecciones I.C.O. _aMadrid _c1996 |
||
| 300 |
_a229p. _c24x30cm |
||
| 650 |
_2Tesauro de Arte & Arquitectura _aESCULTURA MODERNA |
||
| 650 |
_2Tesauro de Arte & Arquitectura _aDIBUJO |
||
| 650 |
_2Tesauro de Arte & Arquitectura _aESPANA |
||
| 650 |
_2Tesauro de Arte & Arquitectura _aARTE |
||
| 700 |
_aHlavajova, Maria _eeditor |
||
| 942 |
_2ddc _c1 _h732 _iT692c _n0 |
||
| 999 |
_c2457 _d2457 |
||